[Event "Ferrol op 32th"]
[Site "Ferrol"]
[Date "2017.07.24"]
[Round "9"]
[White "Segura Rio, Alejandro"]
[Black "Monteagudo Garcia, Maria Isabel"]
[Result "1-0"]
[WhiteElo "1584"]
[BlackElo "1312"]
[PlyCount "81"]
[EventDate "2017.07.16"]
[EventType "swiss"]
[EventRounds "9"]
[EventCountry "ESP"]
[SourceTitle "EXT 2024"]
[Source "ChessBase"]
[SourceDate "2023.10.10"]
[SourceVersion "1"]
[SourceVersionDate "2023.10.10"]
[SourceQuality "1"]

1. d4 Nf6 2. c4 g6 3. Nc3 d5 4. Bg5 Ne4 5. Nxe4 dxe4 6. f3 Bg7 7. e3 c5 8. Qa4+ Bd7 9. Qb3 Qa5+ 10. Qc3 Nc6 11. Qxa5 Nxa5 12. Rd1 cxd4 13. exd4 exf3 14. Nxf3 Bg4 15. Be2 Bxf3 16. gxf3 Nc6 17. Be3 Nb4 18. a3 Nc2+ 19. Kf2 Nxe3 20. Kxe3 0-0 21. b4 Rac8 22. h4 h5 23. f4 f5 24. Rhg1 Kh7 25. Rg2 Rf6 26. d5 Bf8 27. Rg3 e5 28. fxe5 f4+ 29. Kd2 fxg3 30. exf6 Bh6+ 31. Ke1 Be3 32. Kf1 Rf8 33. Kg2 Bf2 34. d6 Rd8 35. c5 Kg8 36. Bc4+ Kf8 37. Bd5 Rd7 38. Bxb7 Rxb7 39. c6 Rb8 40. c7 Rc8 41. d7 1-0

[Event "Ferrol op 31th"]
[Site "Ferrol"]
[Date "2016.07.22"]
[Round "5"]
[White "Segura Rio, Alejandro"]
[Black "Esteve Perez, Manuel Fulgencio"]
[Result "1-0"]
[WhiteElo "1525"]
[BlackElo "149"]
[PlyCount "205"]
[EventDate "2016.07.18"]
[EventType "swiss"]
[EventRounds "9"]
[EventCountry "ESP"]
[SourceTitle "EXT 2024"]
[Source "ChessBase"]
[SourceDate "2023.10.10"]
[SourceVersion "1"]
[SourceVersionDate "2023.10.10"]
[SourceQuality "1"]

1. d4 d5 2. c4 dxc4 3. Nc3 e6 4. e3 Nf6 5. Bxc4 Be7 6. b3 0-0 7. Bb2 b6 8. d5 Bb7 9. e4 exd5 10. exd5 Bb4 11. Nge2 Nxd5 12. Bxd5 Bxd5 13. 0-0 Bb7 14. Qc1 Re8 15. Ng3 Nd7 16. Nb5 c6 17. Nh5 Bf8 18. Nd4 c5 19. Nf5 Re6 20. Nhxg7 Bxg7 21. Nxg7 Rg6 22. f3 Qg5 23. Qxg5 Rxg5 24. Rad1 Nf8 25. h4 Rxg7 26. Bxg7 Kxg7 27. Rfe1 Ne6 28. Rxe6 Bxf3 29. gxf3 fxe6 30. Rd7+ Kg6 31. Re7 Kf6 32. Rxh7 Rg8+ 33. Kf2 Rg7 34. Rh8 Re7 35. Ke3 Kf5 36. Rh5+ Kg6 37. Re5 Kf6 38. f4 Rh7 39. h5 Rd7 40. h6 Rh7 41. Rh5 Kg6 42. Re5 Kf6 43. Rh5 a6 44. Ke4 Kg6 45. Re5 Kf6 46. Rh5 Kg6 47. Rh2 Rxh6 48. Rxh6+ Kxh6 49. Ke5 b5 50. Kxe6 c4 51. f5 c3 52. f6 c2 53. f7 c1Q 54. f8Q+ Kh5 55. Qf3+ Kh4 56. Qe4+ Kh5 57. Qd5+ Kh4 58. Kd7 Qb2 59. Qh1+ Kg4 60. Qg1+ Kf4 61. Qf1+ Ke4 62. Qe1+ Kd3 63. Qg3+ Kc2 64. Qg6+ Kc1 65. Qxa6 Qg7+ 66. Kc6 Kb2 67. Kxb5 Qe5+ 68. Kc6 Qf6+ 69. Kb7 Qg7+ 70. Kb8 Qe5+ 71. Ka7 Qe7+ 72. Ka8 Qd8+ 73. Kb7 Qe7+ 74. Ka8 Qd8+ 75. Kb7 Qe7+ 76. Kc6 Qf6+ 77. Kb5 Qe5+ 78. Ka4 Qd4+ 79. b4 Qd1+ 80. Ka5 Kxa2 81. Qe6+ Ka3 82. Qe3+ Ka2 83. b5 Qd8+ 84. Qb6 Qa8+ 85. Qa6 Qd8+ 86. Kb4+ Kb1 87. Qg6+ Kb2 88. Qg2+ Kb1 89. Qf1+ Kc2 90. Qe2+ Kb1 91. Qe1+ Kc2 92. Qc3+ Kb1 93. Qe1+ Kc2 94. Qf2+ Kb1 95. b6 Qd6+ 96. Qc5 Qd2+ 97. Kb5 Qd7+ 98. Ka6 Qa4+ 99. Qa5 Qf4 100. b7 Qb8 101. Qc5 Kb2 102. Qa7 Qd6+ 103. Qb6+ 1-0